Brawl Stars Brawlers (Updated Version) - Statistics

General Stats
  • This quiz has been taken 2,844 times
    232 since last reset
  • The average score is 72 of 105
Answer Stats
Rarity Brawler % Correct
Starting Shelly
97%
Rare Colt
92%
Rare Bull
91%
Ultra Legendary Kaze
90%
Rare Rosa
90%
Legendary Spike
90%
Rare Brock
89%
Ultra Legendary Sirius
89%
Legendary Crow
88%
Epic Bo
87%
Super rare Darryl
87%
Rare El Primo
87%
Rare Barley
85%
Rare Poco
85%
Legendary Leon
84%
Rare Nita
84%
Super rare Rico
82%
Mythic Buzz
81%
Mythic Damian
81%
Mythic Mortis
81%
Super rare Tick
81%
Super rare Penny
80%
Super rare 8-Bit
79%
Legendary Amber
79%
Epic Frank
78%
Super rare Jessie
78%
Legendary Kit
78%
Legendary Chester
77%
Epic Edgar
77%
Legendary Meg
77%
Super rare Dynamike
76%
Epic Pam
76%
Epic Piper
76%
Legendary Sandy
76%
Super rare Gus
75%
Epic Stu
75%
Legendary Surge
75%
Epic Emz
74%
Epic Bea
73%
Super rare Carl
73%
Epic Colette
73%
Legendary Pierce
73%
Super rare Jacky
72%
Legendary Kenji
72%
Legendary Draco
71%
Epic Bibi
70%
Epic Griff
70%
Epic Mandy
70%
Epic Berry
69%
Epic Trunk
69%
Mythic Tara
68%
Collab Buzz Lightyear
67%
Mythic Max
67%
Mythic Najia
67%
Mythic Byron
66%
Epic Hank
66%
Epic Nani
66%
Epic Sam
66%
Epic Angelo
65%
Legendary Cordelius
65%
Mythic Gene
65%
Mythic Janet
65%
Mythic Juju
65%
Mythic Lily
65%
Epic Bonnie
64%
Mythic Lou
64%
Mythic Lumi
64%
Epic Belle
63%
Mythic Fang
63%
Mythic Starr Nova
63%
Epic Grom
62%
Epic Lola
62%
Epic Bolt
61%
Epic Gale
61%
Epic Larry & Lawrie
61%
Epic Maisie
61%
Mythic Sprout
61%
Mythic R-T
59%
Mythic Chuck
58%
Mythic Doug
58%
Mythic Gigi
58%
Mythic Mr.P
58%
Epic Shade
58%
Mythic Finx
57%
Mythic Mina
57%
Epic Ash
56%
Mythic Gray
56%
Mythic Mico
56%
Epic Meeple
55%
Mythic Ziggy
55%
Mythic Alli
54%
Mythic Clancy
54%
Mythic Moe
54%
Mythic Ollie
53%
Epic Pearl
53%
Mythic Otis
52%
Mythic Charlie
51%
Mythic Ruffs
51%
Mythic Willow
51%
Mythic Buster
50%
Mythic Glowy
49%
Mythic Melodie
47%
Mythic Squeak
47%
Mythic Eve
46%
Mythic Jae-Yong
44%
No matching quizzes found
Score Distribution
Percent of People with Each Score
Percentile by Number Answered
Your Score History
You have not taken this quiz since the last reset